[Event "M.Botvinnik Memorial 2012 Blitz"]
[Site "St. Petersburg"]
[Date "2012.08.24"]
[Round "2.12"]
[White "Maletin, Pavel"]
[Black "Ivanov, Alexey"]
[Result "1-0"]
[LiveChessVersion "1.3.1"]
[BlackElo "2415"]
[WhiteElo "2600"]

1. c4 {[%clk 0:03:02]} e6 {[%clk 0:03:03]} 2. d4 {[%clk 0:03:01]} Nf6
{[%clk 0:03:04]} 3. Nc3 {[%clk 0:03:01]} d5 {[%clk 0:03:04]} 4. cxd5
{[%clk 0:02:59]} exd5 {[%clk 0:03:05]} 5. Bg5 {[%clk 0:03:00]} Be7
{[%clk 0:03:05]} 6. e3 {[%clk 0:02:58]} O-O {[%clk 0:03:03]} 7. Bd3
{[%clk 0:02:55]} c6 {[%clk 0:03:03]} 8. Nge2 {[%clk 0:02:54]} Nbd7
{[%clk 0:03:02]} 9. Qc2 {[%clk 0:02:53]} Re8 {[%clk 0:03:02]} 10. O-O
{[%clk 0:02:47]} Nf8 {[%clk 0:03:02]} 11. Rab1 {[%clk 0:02:30]} Bg4
{[%clk 0:02:16]} 12. b4 {[%clk 0:02:15]} a6 {[%clk 0:02:12]} 13. a4
{[%clk 0:02:13]} Rc8 {[%clk 0:02:02]} 14. Ng3 {[%clk 0:02:03]} Nh5
{[%clk 0:01:24]} 15. Bxe7 {[%clk 0:01:40]} Rxe7 {[%clk 0:01:12]} 16. Nxh5
{[%clk 0:01:22]} Bxh5 {[%clk 0:01:12]} 17. Rfc1 {[%clk 0:01:20]} Rec7
{[%clk 0:00:48]} 18. Qb2 {[%clk 0:01:09]} Ne6 {[%clk 0:00:25]} 19. Ne2
{[%clk 0:00:52]} Qd6 {[%clk 0:00:18]} 20. Ng3 {[%clk 0:00:47]} Bg6
{[%clk 0:00:16]} 21. Qc2 {[%clk 0:00:39]} a5 {[%clk 0:00:10]} 22. bxa5
{[%clk 0:00:31]} c5 {[%clk 0:00:10]} 23. Bxg6 {[%clk 0:00:30]} hxg6
{[%clk 0:00:04]} 24. dxc5 {[%clk 0:00:30]} Rxc5 {[%clk 0:00:05]} 25. Qd1
{[%clk 0:00:28]} Rxc1 {[%clk 0:00:05]} 26. Rxc1 {[%clk 0:00:29]} Rxc1
{[%clk 0:00:06]} 27. Qxc1 {[%clk 0:00:30]} Qb4 {[%clk 0:00:07]} 28. h4
{[%clk 0:00:17]} Qxa4 {[%clk 0:00:08]} 29. Qc8+ {[%clk 0:00:16]} Kh7
{[%clk 0:00:09]} 30. Qxb7 {[%clk 0:00:14]} Qxa5 {[%clk 0:00:07]} 31. Qxf7
{[%clk 0:00:11]} Qe1+ {[%clk 0:00:05]} 32. Kh2 {[%clk 0:00:11]} 1-0

[Event "M.Botvinnik Memorial 2012 Blitz"]
[Site "St. Petersburg"]
[Date "2012.08.24"]
[Round "3.1"]
[White "Inarkiev, Ernesto"]
[Black "Pridorozhni, Aleksei"]
[Result "1-0"]
[LiveChessVersion "1.3.1"]
[BlackElo "2542"]
[WhiteElo "2683"]

1. e4 {[%clk 0:03:03]} d6 {[%clk 0:03:03]} 2. d4 {[%clk 0:03:03]} Nf6
{[%clk 0:03:03]} 3. f3 {[%clk 0:03:04]} e5 {[%clk 0:03:04]} 4. Ne2
{[%clk 0:03:03]} Be7 {[%clk 0:03:04]} 5. c4 {[%clk 0:03:01]} c5 {[%clk 0:02:54]}
6. d5 {[%clk 0:02:54]} Nfd7 {[%clk 0:02:54]} 7. g3 {[%clk 0:02:10]} Bg5
{[%clk 0:02:54]} 8. f4 {[%clk 0:02:11]} Bh6 {[%clk 0:02:54]} 9. Be3
{[%clk 0:01:50]} O-O {[%clk 0:02:50]} 10. Nbc3 {[%clk 0:01:51]} Re8
{[%clk 0:02:39]} 11. Qd2 {[%clk 0:01:44]} exf4 {[%clk 0:02:30]} 12. gxf4
{[%clk 0:01:43]} f5 {[%clk 0:02:06]} 13. O-O-O {[%clk 0:01:14]} fxe4
{[%clk 0:02:05]} 14. Ng3 {[%clk 0:01:15]} Nf6 {[%clk 0:02:06]} 15. f5
{[%clk 0:01:14]} Bxe3 {[%clk 0:02:04]} 16. Qxe3 {[%clk 0:01:15]} Nbd7
{[%clk 0:01:27]} 17. Qf4 {[%clk 0:01:04]} Qe7 {[%clk 0:00:54]} 18. Rg1
{[%clk 0:00:58]} Qe5 {[%clk 0:00:49]} 19. Qg5 {[%clk 0:00:53]} h6
{[%clk 0:00:48]} 20. Qh4 {[%clk 0:00:30]} Nf8 {[%clk 0:00:49]} 21. Re1
{[%clk 0:00:20]} Bxf5 {[%clk 0:00:42]} 22. Nxf5 {[%clk 0:00:19]} Qxf5
{[%clk 0:00:43]} 23. Qxh6 {[%clk 0:00:19]} Ng4 {[%clk 0:00:38]} 24. Qh4
{[%clk 0:00:16]} Nf2 {[%clk 0:00:33]} 25. Re3 {[%clk 0:00:12]} Rad8
{[%clk 0:00:25]} 26. Rg2 {[%clk 0:00:07]} Nd3+ {[%clk 0:00:21]} 27. Bxd3
{[%clk 0:00:08]} exd3 {[%clk 0:00:22]} 28. Qg3 {[%clk 0:00:09]} g6
{[%clk 0:00:07]} 29. Rf3 {[%clk 0:00:10]} Qe5 {[%clk 0:00:08]} 30. Rxd3
{[%clk 0:00:08]} Qxg3 {[%clk 0:00:08]} 31. Rdxg3 {[%clk 0:00:08]} Re5
{[%clk 0:00:09]} 32. Kd2 {[%clk 0:00:07]} Kg7 {[%clk 0:00:09]} 33. b3
{[%clk 0:00:08]} Rde8 {[%clk 0:00:10]} 34. Nb5 {[%clk 0:00:09]} Rd8
{[%clk 0:00:09]} 35. Rf2 {[%clk 0:00:10]} a6 {[%clk 0:00:09]} 36. Nc3
{[%clk 0:00:05]} Nh7 {[%clk 0:00:09]} 37. Re3 {[%clk 0:00:04]} Rde8
{[%clk 0:00:10]} 38. Rxe5 {[%clk 0:00:04]} Rxe5 {[%clk 0:00:11]} 39. Ne2
{[%clk 0:00:05]} Nf6 {[%clk 0:00:10]} 40. Rg2 {[%clk 0:00:06]} Kh6
{[%clk 0:00:07]} 41. Nf4 {[%clk 0:00:08]} g5 {[%clk 0:00:08]} 42. Ne6
{[%clk 0:00:09]} g4 {[%clk 0:00:09]} 43. Kd3 {[%clk 0:00:10]} Kh5
{[%clk 0:00:08]} 44. Rf2 {[%clk 0:00:11]} Ne4 {[%clk 0:00:04]} 45. Rf8
{[%clk 0:00:12]} Ng5 {[%clk 0:00:05]} 46. Nf4+ {[%clk 0:00:10]} Kh6
{[%clk 0:00:06]} 47. Rf6+ {[%clk 0:00:10]} Kh7 {[%clk 0:00:07]} 48. Rxd6
{[%clk 0:00:12]} Nf3 {[%clk 0:00:08]} 49. Rd7+ {[%clk 0:00:09]} Kh6
{[%clk 0:00:09]} 50. d6 {[%clk 0:00:09]} Re1 {[%clk 0:00:10]} 51. Ng2
{[%clk 0:00:08]} Ne5+ {[%clk 0:00:08]} 52. Kd2 {[%clk 0:00:08]} Rg1
{[%clk 0:00:09]} 53. Re7 {[%clk 0:00:08]} Rxg2+ {[%clk 0:00:10]} 54. Ke3
{[%clk 0:00:09]} Nc6 {[%clk 0:00:11]} 55. Rxb7 {[%clk 0:00:10]} Rxh2
{[%clk 0:00:10]} 56. Rb6 {[%clk 0:00:11]} Nd8 {[%clk 0:00:09]} 57. d7+
{[%clk 0:00:12]} Kg7 {[%clk 0:00:10]} 58. Rb8 {[%clk 0:00:11]} Rh8
{[%clk 0:00:11]} 59. Rc8 {[%clk 0:00:12]} Kf6 {[%clk 0:00:11]} 60. Kf4
{[%clk 0:00:14]} Rg8 {[%clk 0:00:11]} 61. Kg3 {[%clk 0:00:15]} Ke6
{[%clk 0:00:12]} 62. Rxc5 {[%clk 0:00:16]} Kxd7 {[%clk 0:00:13]} 63. Ra5
{[%clk 0:00:16]} Rg6 {[%clk 0:00:14]} 64. b4 {[%clk 0:00:16]} Nb7
{[%clk 0:00:15]} 65. Re5 {[%clk 0:00:16]} Nd6 {[%clk 0:00:15]} 66. c5
{[%clk 0:00:17]} Nb5 {[%clk 0:00:16]} 67. a4 {[%clk 0:00:17]} Nc3
{[%clk 0:00:17]} 68. b5 {[%clk 0:00:17]} axb5 {[%clk 0:00:06]} 69. axb5
{[%clk 0:00:19]} Nxb5 {[%clk 0:00:07]} 70. Re4 {[%clk 0:00:19]} Kc6
{[%clk 0:00:08]} 71. Rxg4 {[%clk 0:00:21]} Re6 {[%clk 0:00:10]} 72. Rg5
{[%clk 0:00:18]} Nd4 {[%clk 0:00:10]} 73. Kf4 {[%clk 0:00:18]} Re1
{[%clk 0:00:11]} 74. Re5 {[%clk 0:00:18]} Rd1 {[%clk 0:00:11]} 75. Ke4
{[%clk 0:00:18]} Nb3 {[%clk 0:00:12]} 76. Kf4 {[%clk 0:00:17]} Nxc5
{[%clk 0:00:13]} 77. Re3 {[%clk 0:00:12]} Kd5 {[%clk 0:00:12]} 78. Re8
{[%clk 0:00:05]} Ne6+ {[%clk 0:00:13]} 79. Kf3 {[%clk 0:00:07]} Rd3+
{[%clk 0:00:11]} 80. Ke2 {[%clk 0:00:06]} Ra3 {[%clk 0:00:12]} 81. Kd2
{[%clk 0:00:07]} Nf4 {[%clk 0:00:08]} 82. Re7 {[%clk 0:00:05]} Kd4
{[%clk 0:00:09]} 83. Rd7+ {[%clk 0:00:06]} Nd5 {[%clk 0:00:10]} 84. Ke2
{[%clk 0:00:07]} Re3+ {[%clk 0:00:10]} 85. Kf2 {[%clk 0:00:08]} Re5
{[%clk 0:00:11]} 86. Ra7 {[%clk 0:00:05]} Nc3 {[%clk 0:00:09]} 87. Rc7
{[%clk 0:00:05]} Rf5+ {[%clk 0:00:09]} 88. Kg3 {[%clk 0:00:05]} Rf8
{[%clk 0:00:09]} 89. Ra7 {[%clk 0:00:04]} Ke3 {[%clk 0:00:05]} 90. Kg4
{[%clk 0:00:05]} Nd5 {[%clk 0:00:06]} 91. Ra4 {[%clk 0:00:05]} Rf7
{[%clk 0:00:04]} 92. Kg5 {[%clk 0:00:06]} Nc3 {[%clk 0:00:05]} 93. Ra3
{[%clk 0:00:06]} Kd4 {[%clk 0:00:06]} 94. Kg6 {[%clk 0:00:08]} Rf3
{[%clk 0:00:07]} 95. Kg5 {[%clk 0:00:09]} Ne4+ {[%clk 0:00:08]} 1-0

[Event "M.Botvinnik Memorial 2012 Blitz"]
[Site "St. Petersburg"]
[Date "2012.08.24"]
[Round "3.2"]
[White "Onischuk, Vladimir"]
[Black "Tiviakov, Sergei"]
[Result "0-1"]
[LiveChessVersion "1.3.1"]
[BlackElo "2674"]
[WhiteElo "2545"]

1. e4 {[%clk 0:03:02]} d5 {[%clk 0:03:03]} 2. exd5 {[%clk 0:03:02]} Qxd5
{[%clk 0:03:04]} 3. Nc3 {[%clk 0:03:02]} Qd6 {[%clk 0:03:05]} 4. d4
{[%clk 0:02:52]} Nf6 {[%clk 0:03:06]} 5. Nge2 {[%clk 0:02:51]} c6
{[%clk 0:03:04]} 6. Bf4 {[%clk 0:02:46]} Qd8 {[%clk 0:03:04]} 7. Qd2
{[%clk 0:02:36]} Bf5 {[%clk 0:02:57]} 8. O-O-O {[%clk 0:02:29]} e6
{[%clk 0:02:57]} 9. h3 {[%clk 0:02:14]} Nbd7 {[%clk 0:02:55]} 10. g4
{[%clk 0:02:15]} Bg6 {[%clk 0:02:54]} 11. Bg2 {[%clk 0:02:15]} Nb6
{[%clk 0:02:50]} 12. Ng3 {[%clk 0:01:28]} Bb4 {[%clk 0:02:48]} 13. Qe2
{[%clk 0:00:31]} Bxc3 {[%clk 0:02:45]} 14. bxc3 {[%clk 0:00:32]} Nbd5
{[%clk 0:02:08]} 15. Bd2 {[%clk 0:00:31]} Qa5 {[%clk 0:02:06]} 16. Kb2
{[%clk 0:00:32]} Qa4 {[%clk 0:02:03]} 17. Rc1 {[%clk 0:00:28]} b5
{[%clk 0:01:54]} 18. g5 {[%clk 0:00:19]} Nd7 {[%clk 0:01:53]} 19. Bxd5
{[%clk 0:00:12]} cxd5 {[%clk 0:01:53]} 20. f4 {[%clk 0:00:12]} O-O
{[%clk 0:01:39]} 21. h4 {[%clk 0:00:13]} Nb6 {[%clk 0:01:37]} 22. h5
{[%clk 0:00:13]} Nc4+ {[%clk 0:01:37]} 23. Ka1 {[%clk 0:00:12]} Bxc2
{[%clk 0:01:19]} 24. Be1 {[%clk 0:00:12]} Bf5 {[%clk 0:01:07]} 25. Nxf5
{[%clk 0:00:12]} exf5 {[%clk 0:01:08]} 26. g6 {[%clk 0:00:13]} Rae8
{[%clk 0:00:51]} 27. Qg2 {[%clk 0:00:12]} Ne3 {[%clk 0:00:51]} 28. Qh2
{[%clk 0:00:09]} fxg6 {[%clk 0:00:50]} 29. hxg6 {[%clk 0:00:10]} h6
{[%clk 0:00:51]} 30. Bd2 {[%clk 0:00:10]} Ng4 {[%clk 0:00:48]} 31. Qg2
{[%clk 0:00:11]} Qc4 {[%clk 0:00:49]} 32. Rce1 {[%clk 0:00:11]} b4
{[%clk 0:00:46]} 33. cxb4 {[%clk 0:00:07]} Qxd4+ {[%clk 0:00:46]} 34. Kb1
{[%clk 0:00:09]} Nf2 {[%clk 0:00:38]} 35. Rxe8 {[%clk 0:00:04]} Rxe8
{[%clk 0:00:39]} 36. Bc1 {[%clk 0:00:03]} Nxh1 {[%clk 0:00:37]} 0-1

[Event "M.Botvinnik Memorial 2012 Blitz"]
[Site "St. Petersburg"]
[Date "2012.08.24"]
[Round "3.3"]
[White "Kovalenko, Igor"]
[Black "Ovetchkin, Roman"]
[Result "1/2-1/2"]
[LiveChessVersion "1.3.1"]
[BlackElo "2525"]
[WhiteElo "2650"]

1. d4 {[%clk 0:03:03]} Nf6 {[%clk 0:03:03]} 2. Nf3 {[%clk 0:03:04]} d5
{[%clk 0:03:03]} 3. c4 {[%clk 0:03:05]} e6 {[%clk 0:03:03]} 4. Nc3
{[%clk 0:03:01]} Be7 {[%clk 0:03:03]} 5. Bg5 {[%clk 0:03:01]} h6 {[%clk 0:03:03]}
6. Bxf6 {[%clk 0:03:02]} Bxf6 {[%clk 0:03:04]} 7. e3 {[%clk 0:03:02]} O-O
{[%clk 0:02:55]} 8. Rc1 {[%clk 0:03:02]} a6 {[%clk 0:02:49]} 9. cxd5
{[%clk 0:02:49]} exd5 {[%clk 0:02:49]} 10. Bd3 {[%clk 0:02:49]} Be7
{[%clk 0:02:41]} 11. Ne5 {[%clk 0:02:33]} c6 {[%clk 0:02:39]} 12. O-O
{[%clk 0:02:32]} Nd7 {[%clk 0:02:36]} 13. f4 {[%clk 0:02:33]} Nf6
{[%clk 0:02:34]} 14. g4 {[%clk 0:02:16]} Bd6 {[%clk 0:02:28]} 15. h3
{[%clk 0:01:45]} Re8 {[%clk 0:01:47]} 16. Rc2 {[%clk 0:01:45]} c5
{[%clk 0:01:13]} 17. Rg2 {[%clk 0:01:44]} cxd4 {[%clk 0:01:12]} 18. exd4
{[%clk 0:01:45]} Qb6 {[%clk 0:01:12]} 19. Kh2 {[%clk 0:01:45]} Be6
{[%clk 0:00:53]} 20. Kh1 {[%clk 0:01:00]} Rad8 {[%clk 0:00:50]} 21. a3
{[%clk 0:00:57]} Ne4 {[%clk 0:00:49]} 22. f5 {[%clk 0:00:40]} Bc8
{[%clk 0:00:35]} 23. Bxe4 {[%clk 0:00:11]} Bxe5 {[%clk 0:00:29]} 24. Bxd5
{[%clk 0:00:09]} Bxd4 {[%clk 0:00:15]} 25. Qb3 {[%clk 0:00:10]} Qxb3
{[%clk 0:00:15]} 26. Bxb3 {[%clk 0:00:11]} Bxc3 {[%clk 0:00:15]} 27. bxc3
{[%clk 0:00:13]} Re3 {[%clk 0:00:16]} 28. Rc2 {[%clk 0:00:12]} Rxh3+
{[%clk 0:00:16]} 29. Kg2 {[%clk 0:00:12]} Rdd3 {[%clk 0:00:17]} 30. Re1
{[%clk 0:00:12]} Rdg3+ {[%clk 0:00:15]} 31. Kf2 {[%clk 0:00:13]} Bd7
{[%clk 0:00:15]} 32. Bd5 {[%clk 0:00:13]} Bc6 {[%clk 0:00:12]} 33. Bxc6
{[%clk 0:00:12]} bxc6 {[%clk 0:00:13]} 34. Re8+ {[%clk 0:00:12]} Kh7
{[%clk 0:00:14]} 35. Rb2 {[%clk 0:00:13]} Rh2+ {[%clk 0:00:08]} 36. Kxg3
{[%clk 0:00:15]} Rxb2 {[%clk 0:00:09]} 37. Rc8 {[%clk 0:00:16]} Rb3
{[%clk 0:00:09]} 38. Rxc6 {[%clk 0:00:17]} Rxa3 {[%clk 0:00:11]} 39. Kf4
{[%clk 0:00:18]} a5 {[%clk 0:00:12]} 40. c4 {[%clk 0:00:19]} a4 {[%clk 0:00:13]}
41. Ra6 {[%clk 0:00:20]} Ra1 {[%clk 0:00:14]} 42. c5 {[%clk 0:00:19]} Rc1
{[%clk 0:00:14]} 43. Rxa4 {[%clk 0:00:21]} Rxc5 {[%clk 0:00:15]} 44. Ra7
{[%clk 0:00:21]} f6 {[%clk 0:00:15]} 45. Ra1 {[%clk 0:00:13]} Rc4+
{[%clk 0:00:16]} 46. Kg3 {[%clk 0:00:15]} Re4 {[%clk 0:00:15]} 47. Kf3
{[%clk 0:00:16]} Re8 {[%clk 0:00:15]} 48. Kf4 {[%clk 0:00:17]} Kg8
{[%clk 0:00:15]} 49. Ra7 {[%clk 0:00:18]} Kf8 {[%clk 0:00:17]} 50. Rb7
{[%clk 0:00:19]} Re7 {[%clk 0:00:18]} 51. Rb8+ {[%clk 0:00:21]} Kf7
{[%clk 0:00:19]} 52. Rb4 {[%clk 0:00:22]} Rd7 {[%clk 0:00:20]} 53. Ra4
{[%clk 0:00:23]} Ke7 {[%clk 0:00:20]} 54. Re4+ {[%clk 0:00:24]} Kd6
{[%clk 0:00:21]} 55. Rd4+ {[%clk 0:00:25]} Kc6 {[%clk 0:00:22]} 56. Rc4+
{[%clk 0:00:26]} Kd5 {[%clk 0:00:23]} 57. Rc1 {[%clk 0:00:27]} Ra7
{[%clk 0:00:21]} 58. Rd1+ {[%clk 0:00:28]} Kc6 {[%clk 0:00:22]} 59. Rc1+
{[%clk 0:00:29]} Kd6 {[%clk 0:00:23]} 60. Rd1+ {[%clk 0:00:31]} Ke7
{[%clk 0:00:24]} 61. Re1+ {[%clk 0:00:32]} Kf7 {[%clk 0:00:25]} 62. Re4
{[%clk 0:00:34]} g5+ {[%clk 0:00:17]} 63. fxg6+ {[%clk 0:00:35]} Kxg6
{[%clk 0:00:18]} 64. Rb4 {[%clk 0:00:36]} Ra5 {[%clk 0:00:17]} 65. Rc4
{[%clk 0:00:37]} h5 {[%clk 0:00:18]} 66. gxh5+ {[%clk 0:00:38]} Rxh5
{[%clk 0:00:19]} 67. Kg3 {[%clk 0:00:39]} Rg5+ {[%clk 0:00:18]} 68. Kf3
{[%clk 0:00:36]} 1/2-1/2

[Event "M.Botvinnik Memorial 2012 Blitz"]
[Site "St. Petersburg"]
[Date "2012.08.24"]
[Round "3.5"]
[White "Grigoryan, Avetik"]
[Black "Levin, Evgeny A."]
[Result "1-0"]
[LiveChessVersion "1.3.1"]
[BlackElo "2512"]
[WhiteElo "2626"]

1. d4 {[%clk 0:03:03]} Nf6 {[%clk 0:03:03]} 2. c4 {[%clk 0:02:59]} g6
{[%clk 0:03:04]} 3. Nc3 {[%clk 0:03:00]} Bg7 {[%clk 0:03:05]} 4. e4
{[%clk 0:03:01]} d6 {[%clk 0:03:06]} 5. h3 {[%clk 0:03:02]} O-O {[%clk 0:03:04]}
6. Bg5 {[%clk 0:03:03]} a6 {[%clk 0:02:52]} 7. Nf3 {[%clk 0:02:58]} c6
{[%clk 0:02:48]} 8. a4 {[%clk 0:02:58]} a5 {[%clk 0:02:40]} 9. Be2
{[%clk 0:02:57]} Na6 {[%clk 0:02:20]} 10. g4 {[%clk 0:02:58]} Qb6
{[%clk 0:02:11]} 11. Rb1 {[%clk 0:02:39]} Re8 {[%clk 0:01:38]} 12. Be3
{[%clk 0:02:38]} Qc7 {[%clk 0:01:32]} 13. g5 {[%clk 0:02:31]} Nd7
{[%clk 0:00:56]} 14. h4 {[%clk 0:02:31]} e5 {[%clk 0:00:57]} 15. d5
{[%clk 0:02:30]} Ndc5 {[%clk 0:00:49]} 16. h5 {[%clk 0:02:22]} Nb4
{[%clk 0:00:46]} 17. Kf1 {[%clk 0:02:12]} Bd7 {[%clk 0:00:33]} 18. Ne1
{[%clk 0:01:56]} Rf8 {[%clk 0:00:22]} 19. Kg2 {[%clk 0:01:53]} Rae8
{[%clk 0:00:19]} 20. Bg4 {[%clk 0:01:43]} f5 {[%clk 0:00:10]} 21. gxf6
{[%clk 0:01:40]} Rxf6 {[%clk 0:00:11]} 22. Qe2 {[%clk 0:00:56]} Ref8
{[%clk 0:00:09]} 23. Rd1 {[%clk 0:00:56]} gxh5 {[%clk 0:00:05]} 24. Bxd7
{[%clk 0:00:50]} Qxd7 {[%clk 0:00:04]} 25. Qxh5 {[%clk 0:00:48]} h6
{[%clk 0:00:03]} 26. Rh3 {[%clk 0:00:39]} Kh7 {[%clk 0:00:00]} 27. Rg3
{[%clk 0:00:39]} 1-0

[Event "M.Botvinnik Memorial 2012 Blitz"]
[Site "St. Petersburg"]
[Date "2012.08.24"]
[Round "3.6"]
[White "Bukavshin, Ivan"]
[Black "Belozerov, Andrei"]
[Result "0-1"]
[LiveChessVersion "1.3.1"]
[BlackElo "2504"]
[WhiteElo "2609"]

1. d4 {[%clk 0:03:02]} d5 {[%clk 0:03:03]} 2. c4 {[%clk 0:03:02]} e6
{[%clk 0:03:05]} 3. Nc3 {[%clk 0:03:03]} Nf6 {[%clk 0:03:06]} 4. Nf3
{[%clk 0:03:02]} Nbd7 {[%clk 0:03:07]} 5. Bf4 {[%clk 0:02:54]} dxc4
{[%clk 0:03:07]} 6. e3 {[%clk 0:02:53]} Nb6 {[%clk 0:02:55]} 7. Bxc4
{[%clk 0:02:53]} Nxc4 {[%clk 0:02:48]} 8. Qa4+ {[%clk 0:02:54]} c6
{[%clk 0:02:50]} 9. Qxc4 {[%clk 0:02:55]} Nd5 {[%clk 0:02:40]} 10. O-O
{[%clk 0:02:51]} Qb6 {[%clk 0:02:37]} 11. Qe2 {[%clk 0:02:33]} Nxf4
{[%clk 0:02:30]} 12. exf4 {[%clk 0:02:34]} Bd6 {[%clk 0:02:30]} 13. g3
{[%clk 0:02:32]} O-O {[%clk 0:02:30]} 14. Ne4 {[%clk 0:02:32]} Rd8
{[%clk 0:02:28]} 15. Rfd1 {[%clk 0:02:27]} Be7 {[%clk 0:02:17]} 16. Rd2
{[%clk 0:02:19]} Bd7 {[%clk 0:02:15]} 17. Qe3 {[%clk 0:02:17]} Be8
{[%clk 0:02:10]} 18. a3 {[%clk 0:02:15]} Rac8 {[%clk 0:01:59]} 19. Rc1
{[%clk 0:02:07]} Qb5 {[%clk 0:01:34]} 20. Nc3 {[%clk 0:01:52]} Qb6
{[%clk 0:01:35]} 21. f5 {[%clk 0:01:22]} c5 {[%clk 0:01:31]} 22. d5
{[%clk 0:01:15]} Bf6 {[%clk 0:01:19]} 23. fxe6 {[%clk 0:00:43]} fxe6
{[%clk 0:01:20]} 24. dxe6 {[%clk 0:00:40]} Rxd2 {[%clk 0:01:19]} 25. Nxd2
{[%clk 0:00:34]} Qxb2 {[%clk 0:01:13]} 26. Nc4 {[%clk 0:00:35]} Qb3
{[%clk 0:01:08]} 27. Ne5 {[%clk 0:00:32]} Qxe6 {[%clk 0:01:06]} 28. f4
{[%clk 0:00:30]} Bxe5 {[%clk 0:01:03]} 29. fxe5 {[%clk 0:00:21]} b5
{[%clk 0:01:04]} 30. Ne2 {[%clk 0:00:19]} c4 {[%clk 0:00:57]} 31. Nf4
{[%clk 0:00:19]} Qb6 {[%clk 0:00:55]} 32. Qxb6 {[%clk 0:00:19]} axb6
{[%clk 0:00:57]} 33. Nd5 {[%clk 0:00:19]} Kf7 {[%clk 0:00:43]} 34. Nxb6
{[%clk 0:00:10]} Rc5 {[%clk 0:00:42]} 35. Kf2 {[%clk 0:00:06]} Ke6
{[%clk 0:00:43]} 36. a4 {[%clk 0:00:06]} bxa4 {[%clk 0:00:38]} 37. Ke3
{[%clk 0:00:08]} Rxe5+ 38. Kd4 Re2 {[%clk 0:00:32]} 39. Nxc4 {[%clk 0:00:10]}
Rxh2 {[%clk 0:00:27]} 40. Re1+ {[%clk 0:00:11]} Kd7 {[%clk 0:00:29]} 41. Nb6+
{[%clk 0:00:09]} Kd8 {[%clk 0:00:30]} 42. Ra1 {[%clk 0:00:07]} Rg2
{[%clk 0:00:28]} 43. Ra3 {[%clk 0:00:06]} h5 {[%clk 0:00:27]} 44. Ke5
{[%clk 0:00:07]} Rb2 {[%clk 0:00:26]} 45. Nd5 {[%clk 0:00:05]} Rb3
{[%clk 0:00:26]} 46. Ra1 {[%clk 0:00:06]} Rxg3 47. Rd1 Kc8 {[%clk 0:00:22]} 48.
Kf4 {[%clk 0:00:05]} Rg4+ {[%clk 0:00:23]} 49. Ke5 {[%clk 0:00:06]} a3
{[%clk 0:00:23]} 50. Ra1 {[%clk 0:00:06]} Rg3 {[%clk 0:00:23]} 51. Kf4
{[%clk 0:00:07]} h4 {[%clk 0:00:25]} 52. Ne3 {[%clk 0:00:08]} g5+
{[%clk 0:00:26]} 53. Ke4 {[%clk 0:00:09]} Bc6+ {[%clk 0:00:27]} 54. Kd4
{[%clk 0:00:08]} h3 {[%clk 0:00:28]} 55. Ra2 {[%clk 0:00:08]} Rg2
{[%clk 0:00:20]} 56. Nxg2 {[%clk 0:00:04]} Bxg2 {[%clk 0:00:19]} 57. Ke3
{[%clk 0:00:03]} h2 {[%clk 0:00:19]} 58. Rc2+ {[%clk 0:00:04]} Kd7
{[%clk 0:00:19]} 0-1

[Event "M.Botvinnik Memorial 2012 Blitz"]
[Site "St. Petersburg"]
[Date "2012.08.24"]
[Round "3.7"]
[White "Kharchenko, Boris"]
[Black "Khismatullin, Denis"]
[Result "1/2-1/2"]
[LiveChessVersion "1.3.1"]
[BlackElo "2607"]
[WhiteElo "2498"]

1. e4 d6 2. d4 Nf6 3. Nc3 Nbd7 4. Nf3 e5 5. Bc4 Be7 6. O-O O-O 7. Re1 c6 8. a4
exd4 9. Nxd4 Ne5 10. Bf1 Re8 11. h3 Bd7 12. Bf4 Bf8 13. a5 b5 14. axb6 axb6 15.
Rxa8 Qxa8 16. Bg5 Qd8 17. Nf3 Ng6 18. Qd4 b5 19. e5 dxe5 20. Nxe5 c5 21. Bxf6
cxd4 22. Bxd8 dxc3 23. Nxd7 Rxe1 24. bxc3 Bd6 25. Bb6 Nf4 26. g3 1/2-1/2

[Event "M.Botvinnik Memorial 2012 Blitz"]
[Site "St. Petersburg"]
[Date "2012.08.24"]
[Round "3.8"]
[White "Lysyj, Igor"]
[Black "Kalegin, Evgenij"]
[Result "1-0"]
[LiveChessVersion "1.3.1"]
[BlackElo "2486"]
[WhiteElo "2604"]

1. d4 d6 2. Nf3 Nf6 3. c4 g6 4. Nc3 Bg7 5. e4 O-O 6. h3 Qe8 7. Be3 e5 8. dxe5
dxe5 9. Bc5 Nc6 10. Be2 Nd4 11. O-O c6 12. Nxd4 exd4 13. Bxd4 Nxe4 14. Bxg7 Kxg7
15. Qd4+ Nf6 16. Rad1 Bf5 17. g4 Rd8 18. Qxd8 Qxd8 19. Rxd8 Rxd8 20. gxf5 Rd2 21.
Rb1 gxf5 22. Kf1 Ne4 23. Nxe4 fxe4 24. Ke1 Rd6 25. Rd1 Rh6 26. Bg4 b5 27. Rd7 a5
28. Kd2 bxc4 29. Kc3 Rf6 30. Rd2 Rf4 31. Bd7 f5 32. Bxc6 Kf6 33. Bd5 Rf3+ 34.
Kxc4 Rxh3 35. a3 Rh2 36. Kc3 Ke5 37. Bc4 h5 38. f4+ 1-0

[Event "M.Botvinnik Memorial 2012 Blitz"]
[Site "St. Petersburg"]
[Date "2012.08.24"]
[Round "3.9"]
[White "Predke, Alexandr"]
[Black "Maletin, Pavel"]
[Result "0-1"]
[LiveChessVersion "1.3.1"]
[BlackElo "2600"]
[WhiteElo "2457"]

1. d4 Nf6 2. c4 e6 3. Nc3 Bb4 4. e3 b6 5. Nge2 Ba6 6. a3 Bxc3+ 7. Nxc3 d5 8. Qb3
O-O 9. Bd2 c5 10. dxc5 bxc5 11. O-O-O Nc6 12. f3 Na5 13. Qa4 Bxc4 14. Bxc4 Nxc4
15. e4 Qb6 16. Qb5 Qxb5 17. Nxb5 dxe4 18. Bc3 exf3 19. Bxf6 fxg2 20. Rhg1 gxf6
21. Rxg2+ Kh8 22. Nc3 Ne3 0-1

[Event "M.Botvinnik Memorial 2012 Blitz"]
[Site "St. Petersburg"]
[Date "2012.08.24"]
[Round "3.10"]
[White "Ponkratov, Pavel"]
[Black "Kabanov, Nikolai"]
[Result "1/2-1/2"]
[LiveChessVersion "1.3.1"]
[BlackElo "2444"]
[WhiteElo "2587"]

1. e4 c5 2. Nf3 e6 3. d4 cxd4 4. Nxd4 Nf6 5. Nc3 Nc6 6. Ndb5 Bc5 7. Nd6+ Ke7 8.
Nxc8+ Rxc8 9. Bd3 a6 10. O-O Ne5 11. Qe2 Qc7 12. Kh1 d6 13. f4 Ng6 14. Be3 Rhe8
15. Rad1 Kf8 16. f5 Ne5 17. fxe6 fxe6 18. Bg5 Ned7 19. e5 dxe5 20. Bxh7 Ke7 21.
Ne4 Rh8 22. Bg6 Rcf8 23. c3 Ba7 24. Rf3 Nc5 25. Nxc5 Bxc5 26. h3 Ba7 27. Rfd3 Rd8
28. Rxd8 Rxd8 29. Rxd8 Qxd8 30. Be4 Qb6 31. Qf1 Qxb2 32. c4 Qd4 33. Bxb7 a5 34.
c5 Bxc5 35. Qc1 Kf7 36. Bf3 e4 37. Be2 Nd5 38. Bh5+ Kg8 39. Qf1 Nf6 40. Be2 e3
41. Bc4 Kf7 42. Qe2 Qa1+ 43. Kh2 Bd6+ 44. g3 Qd4 45. Bb3 Qe5 46. Bf4 Qc5 47. Qxe3
Qxe3 48. Bxe3 Ne4 49. Bb6 Bxg3+ 50. Kg2 Be1 51. Kf3 Nd6 52. Ke2 Bb4 53. Kd3 Nf5
54. Ke4 Kf6 55. Bd8+ Kf7 56. Bc7 Nd6+ 57. Ke5 Ke7 58. Bxe6 Bc3+ 59. Kd5 Ne8 60.
Be5 Nf6+ 61. Bxf6+ Bxf6 1/2-1/2

[Event "M.Botvinnik Memorial 2012 Blitz"]
[Site "St. Petersburg"]
[Date "2012.08.24"]
[Round "3.11"]
[White "Lovkov, Roman"]
[Black "Aleksandrov, Aleksej"]
[Result "0-1"]
[LiveChessVersion "1.3.1"]
[BlackElo "2583"]
[WhiteElo "2424"]

1. d4 {[%clk 0:03:03]} d5 {[%clk 0:03:04]} 2. c4 {[%clk 0:03:04]} e6
{[%clk 0:03:05]} 3. Nc3 {[%clk 0:03:05]} Bb4 {[%clk 0:03:06]} 4. cxd5
{[%clk 0:02:58]} exd5 {[%clk 0:03:06]} 5. e3 {[%clk 0:02:59]} c6 {[%clk 0:02:56]}
6. Bd3 {[%clk 0:03:00]} Ne7 {[%clk 0:02:57]} 7. Nge2 {[%clk 0:03:00]} Bf5
{[%clk 0:02:53]} 8. O-O {[%clk 0:02:51]} O-O {[%clk 0:02:53]} 9. f3
{[%clk 0:02:50]} Bxd3 {[%clk 0:02:20]} 10. Qxd3 {[%clk 0:02:50]} f5
{[%clk 0:02:21]} 11. Nf4 {[%clk 0:02:38]} Qd7 {[%clk 0:02:18]} 12. e4
{[%clk 0:02:39]} fxe4 {[%clk 0:02:19]} 13. fxe4 {[%clk 0:02:39]} dxe4
{[%clk 0:02:04]} 14. Nxe4 {[%clk 0:02:32]} Na6 {[%clk 0:01:31]} 15. Ng5
{[%clk 0:02:17]} Qf5 {[%clk 0:01:32]} 16. Ne4 {[%clk 0:01:35]} 0-1